Μελέτες εικονολογίας : ουμανιστικά θέματα στην τέχνη της αναγέννησης

Αποθηκεύτηκε σε:
Λεπτομέρειες βιβλιογραφικής εγγραφής
Κύριος συγγραφέας: Panofsky, Erwin, 1892-1968
Μορφή: Βιβλίο
Γλώσσα:Greek
English
Δημοσίευση: Αθήνα : Νεφέλη, 1991.
Σειρά:Βιβλιοθήκη της τέχνης ; 30
Θέματα:
Ετικέτες: Προσθήκη ετικέτας
Δεν υπάρχουν, Καταχωρήστε ετικέτα πρώτοι!

MARC

LEADER 00000cam a2200000 i 4500
001 1/72735
008 930909s1991 gr | ||| |||| ||gre||
035 |a ΛΕΣΒΟΣb10000826  |l 10076903 
035 |a 1997  |c Γραμματεία Μυτιλήνης 
040 |a GR-MyUa  |b gre  |e AACR2 
041 1 |a gre  |h eng 
082 7 |a 704.9   |2 (21) 
082 7 |a 709.024   |2 (23) 
100 1 |a Panofsky, Erwin,   |d 1892-1968. 
245 1 0 |a Μελέτες εικονολογίας :   |b ουμανιστικά θέματα στην τέχνη της αναγέννησης /   |c Erwin Panofsky ; μετάφραση: Ανδρέας Παππάς. 
260 |a Αθήνα :   |b Νεφέλη,   |c 1991. 
300 |a 395 σ. :   |b εικ. ;   |c 21 εκ. 
490 1 |a (Βιβλιοθήκη της τέχνης ;   |v 30) 
504 |a Βιβλιογραφία: σ. 407-427. 
650 0 |a Art, Renaissance. 
650 0 |a Humanism in art. 
765 0 8 |i Μετάφραση του:   |t Studies in iconology :  
830 0 |a Βιβλιοθήκη της τέχνης ;  |v 30 
852 |a INST  |b LESVOS  |e 19930909  |h 704.9 ΡΑΝ  |p 005100004933  |q 005100004933  |t BK  |y 0 
852 |a INST  |b LESVOS  |e 19930909  |h 704.9 ΡΑΝ  |p 005100004934  |q 005100004934  |t BK  |y 0 
852 |a INST  |b LESVOS  |e 19930909  |h 704.9 ΡΑΝ  |p 005100004935  |q 005100004935  |t BK  |y 0 
852 |a INST  |b LESVOS  |e 20100608  |h 704.9 ΡΑΝ  |p 005100047497  |q 005100047497  |t BK  |y 0 
852 |a INST  |b LESVOS  |e 20110401  |h 704.9 ΡΑΝ  |p 005100049168  |q 005100049168  |t BK  |y 0 
852 |a INST  |b LESVOS  |e 20110401  |h 704.9 ΡΑΝ  |p 005100049169  |q 005100049169  |t BK  |y 0 
852 |a INST  |b LESVOS  |e 20110401  |h 704.9 ΡΑΝ  |p 005100049170  |q 005100049170  |t BK  |y 0 
852 |a INST  |b RHODES  |e 20000210  |h 704.9 PAN  |p 005400014024  |q 005400014024  |t BK  |y 0 
852 |a INST  |b SAMOS  |e 19971114  |h 704.9 PAN  |p 005300008631  |q 005300008631  |t BK  |y 0 
852 |a INST  |b SYROS  |e 20050517  |h 709.024 PAN  |p 005500003525  |q 005500003525  |t BK  |y 0 
852 |a INST  |b SYROS  |e 20050302  |h 709.024 PAN  |p 005500005484  |q 005500005484  |t BK  |y 0 
901 |a BIBL5-2005-1 
901 |a BIBL-1997-2 
901 |a BIBL4-2000-1 
901 |a BIBL1-2011-1 
922 |a 5ΕΛΗ  |b 200411  |c 188  |d Πλάστιγγα 
922 |a 4ΔΩΡ  |b 200002  |c Δωρεά 
950 |a 188/2004-11-03 
970 |a Τσουκαλά  |b Αλίκη  |z 07/03/2005